000 00553nam a2200193Ia 4500
003 LDD
008 181029s9999 xx 000 0 und d
020 _a9789350022443
_c450.00
040 _cLDD
100 _aChattopadhyaya, Debiprasad
245 0 _aReligion and society
_cDebiprasad Chattopadhyaya
260 _aDelhi
_bAakar Books
_c2013
300 _a211p.
365 _b450.00
901 _a11175
_b15-09-2014
902 _aI-852
_b19-09-2014
_cF
_dAAKAR
_e95
903 _aDiscount-15
_bReqst by : Abha Singh
942 _2ddc
_cBK
999 _c109732
_d109732